000 01148nam a2200241Ia 4500
003 Ost
005 20260507075459.0
008 260507s9999||||xx |||||||||||||| ||und||
020 _a9789961011089
040 _cfsecg
041 _aara
082 _a364.26
100 _aلعشب، علي
_eمؤلف
245 0 _aالإطار القانوني لمكافحة غسل الأموال /
_c علي لعشب
260 _aالجزائر:
_bديوان المطبوعات الجامعية,
_c2007
300 _a151 صفحة؛
_c24 سم
504 _aببليوغرافيا:ص ص.139-145
520 _aماهية جريمة غسل الأموال،خصائصها-مراحلها-وسائلها ومخاطرها،تطور التشريع الدولي الإقليمي والوطني في التصدي لجريمة غسل الأموال وآليات المراقبة والمكافحة،الطبيعة القانونية لجريمة غسل الأموال في التشريع الجزائري والمقارن
653 _aالأموال
653 _aالجريمة والمجرمون
653 _aعوامل اقتصادية
942 _cكتاب
999 _c44685
_d44685